Edie, an American biography /

Bibliographic Details
Main Author: Stein, Jean
Other Authors: Plimpton, George
Format: Book
Language:English
Published: New York : Knopf : 1982.
Edition:1st ed.
Subjects:

MARC

Tag First Indicator Second Indicator Subfields
LEADER 00000pam a2200000 a 4500
001 in00000086182
005 20190507091538.0
008 820112s1982 nyuacf 00010beng
010 |a  81048118  
020 |a 0394488199 :  |c $16.95 (est.) 
035 |a (OCoLC)08132475 
035 |9 AAK0538AM 
039 0 |a 2  |b 3  |c 3  |d 3  |e 3 
040 |a DLC  |c DLC  |d TXA  |d UtOrBLW 
043 |a n-us--- 
049 |a TXAM  |c [1561807] 
050 0 0 |a PN2887  |b .S83 1982 
082 0 |a 791.43/028/0924  |a B  |2 19 
090 |a PN2887  |b S83 1982a 
100 1 |a Stein, Jean. 
245 1 0 |a Edie, an American biography /  |c by Jean Stein ; edited with George Plimpton. 
250 |a 1st ed. 
264 1 |a New York :  |b Knopf :  |c 1982. 
264 2 |a New York :  |b Distributed by Random House, 
300 |a 455 pages, 1 unnumbered leaf of plates :  |b illustrations, portraits ;  |c 24 cm. 
336 |a text  |b txt  |2 rdacontent 
337 |a unmediated  |b n  |2 rdamedia 
338 |a volume  |b nc  |2 rdacarrier 
500 |a The Cushing Library/Basbanes collection copy is inscribed to Nicholas Basbanes by the author and is part of the Nicholas A. Basbanes Collection of Inscribed Books. 
541 0 |a Donated by Nicholas A. Basbanes  |d 20151124 
600 1 0 |a Sedgwick, Edie. 
650 0 |a Motion picture actors and actresses  |z United States  |v Biography. 
700 1 |a Plimpton, George. 
700 1 |a Basbanes, Nicholas A.,  |d 1943-  |e former owner. 
999 |a MARS 
999 f f |s afed3d22-16e0-346f-ac80-b4a709f641c4  |i 36b28a65-dfcc-3d4d-abc0-a6961a85b93f  |t 0 
952 f f |p normal  |a Texas A&M University  |b College Station  |c Sterling C. Evans Library  |s Evans stk  |d Evans: Library Stacks  |t 0  |e PN2887 .S83 1982a  |h Library of Congress classification  |i unmediated -- volume  |m A14805984832 
952 f f |p noncirc  |a Texas A&M University  |b College Station  |c Cushing Memorial Library & Archives  |s cush basb  |d Cushing: Nicholas Basbanes (Does not check out)  |t 0  |e PN2887 .S83 1982  |h Library of Congress classification  |i unmediated -- volume 
998 f f |a PN2887 .S83 1982  |t 0  |l Cushing: Nicholas Basbanes (Does not check out) 
998 f f |a PN2887 .S83 1982a  |t 0  |l Evans: Library Stacks